000 00571cam a2200193 4500500
005 20260405002922.0
041 _afre
042 _adc
100 1 0 _aPortevin, Catherine
_eauthor
245 0 0 _aPostcritique
260 _c2019.
500 _a35
690 _aCritique
690 _aLaurent de Sutter
690 _aPacĂ´me Thiellement
690 _aTristan Garcia
786 0 _nPhilosophie magazine | 130 | 6 | 2019-06-01 | p. 51-52 | 1951-1787
856 4 1 _uhttps://shs.cairn.info/magazine-philosophie-magazine-2019-6-page-51?lang=fr&redirect-ssocas=7080
999 _c2062486
_d2062485